Normal view
MARC view
Entry Topical Term
001 - CONTROL NUMBER
- control field: 27733
003 - CONTROL NUMBER IDENTIFIER
- control field: OSt
005 - DATE AND TIME OF LATEST TRANSACTION
- control field: 20160105114244.0
008 - FIXED-LENGTH DATA ELEMENTS
- fixed length control field: 160105|| aca||aabn | a|a d
040 ## - CATALOGING SOURCE
- Original cataloging agency: OSt
- Transcribing agency: OSt
150 ## - HEADING--TOPICAL TERM
- Topical term or geographic name entry element: Drama
670 ## - SOURCE DATA FOUND
- Source citation: Work cat.: (OSt)35033: Tagore, Rabindranath 1823, The Post Office, 1959









